| 000 | 01008nam a22002297a 4500 | ||
|---|---|---|---|
| 003 | OSt | ||
| 005 | 20170608093031.0 | ||
| 008 | 140214b2011 slv spa | ||
| 040 | _cBMC | ||
| 082 | _a624 | ||
| 100 | 1 |
_934480 _aGuerra Monge, Silvestre Ramón Eduardo |
|
| 245 | 1 | 0 |
_aPasantía en Fundación de apoyo a municipios de El Salvador (FUNDAMUNI) _b: Informe final _cSilvestre Ramón Eduardo Guerra Monge |
| 260 |
_aSanta Ana (El Salvador) _bUniversidad Católica de El Salvador _c2011 |
||
| 300 |
_a109 h. _bil. col. _c27 cm _e+ 1 disco compacto |
||
| 500 | _aPrecede al tít.: Universidad Católica de El Salvador, Facultad de Ingeniería y Arquitectura | ||
| 500 | _aPeríodo de realización: del 14 de febrero al 14 de agosto de 2011 | ||
| 502 | _aPara optar al título de: Ingeniero cívil | ||
| 597 | _1Ejemp. con manchas de humedad | ||
| 650 | 2 | 4 |
_98218 _aIngeniería civil |
| 710 | 2 |
_91166 _aUniversidad Católica de El Salvador _bFacultad de Ingeniería y Arquitectura |
|
| 942 |
_2ddc _cTG |
||
| 999 |
_c21004 _d21004 |
||